Water transport / (Record no. 110198)
[ view plain ]
| 000 -LEADER | |
|---|---|
| fixed length control field | 00743nam a2200205 a 4500 |
| 001 - CONTROL NUMBER | |
| control field | 1867 |
| 005 - DATE AND TIME OF LATEST TRANSACTION | |
| control field | 20140414131851.0 |
| 008 - FIXED-LENGTH DATA ELEMENTS--GENERAL INFORMATION | |
| fixed length control field | 010531s19uu xx 00 eng d |
| 020 ## - INTERNATIONAL STANDARD BOOK NUMBER | |
| International Standard Book Number | 0-7502-0161-4 |
| 050 ## - LIBRARY OF CONGRESS CALL NUMBER | |
| Classification number | M 623.8 |
| Item number | H18 1991 |
| 100 ## - MAIN ENTRY--PERSONAL NAME | |
| Personal name | Hamilton-MacLaren, Alistair |
| 245 ## - TITLE STATEMENT | |
| Title | Water transport / |
| Statement of responsibility, etc | Alistair Hamilton-MacLaren. |
| 260 ## - PUBLICATION, DISTRIBUTION, ETC. (IMPRINT) | |
| Place of publication, distribution, etc | England : |
| Name of publisher, distributor, etc | Wayland, |
| Date of publication, distribution, etc | 1991. |
| 300 ## - PHYSICAL DESCRIPTION | |
| Extent | 48 p. : ill. ; cm. |
| 440 ## - SERIES STATEMENT/ADDED ENTRY--TITLE | |
| Title | Exploring Technology |
| 500 ## - GENERAL NOTE | |
| General note | Includes index |
| 520 ## - SUMMARY, ETC. | |
| Summary, etc | This book traces the development of water craft from the first dug-out canoes to modern high-speed powerboats. The technology behind the different craft is examined too, from paddle power to nuclear power. |
| 650 ## - SUBJECT ADDED ENTRY--TOPICAL TERM | |
| Topical term or geographic name as entry element | Water. |
| Withdrawn status | Lost status | Damaged status | Use restrictions | Home library | Current library | Shelving location | Date acquired | Source of acquisition | Total Checkouts | Full call number | Barcode | Date last seen | Price effective from | Koha item type |
|---|---|---|---|---|---|---|---|---|---|---|---|---|---|---|
| Munich Library | Munich Library | Main Section | 12/29/2004 | M 623.8 H18 1991 | M0531 | 04/14/2014 | 04/14/2014 | Books |